| 000 | 00443 a2200145 4500 | ||
|---|---|---|---|
| 999 |
_c8068 _d8068 |
||
| 020 | _a9781241498344 | ||
| 050 | _aDT434 ASH 1970 | ||
| 100 |
_aAshe, Robert _eAuthor |
||
| 245 |
_aTwo Kings of Uganda; or, life by the shores of Victoria Nyanza/ _cRobert Ashe |
||
| 264 |
_aLondon _bSampson Low _c1970 |
||
| 300 |
_aix,354p.ill. _bmap |
||
| 500 | _aGeneral historical collections | ||
| 650 | _aHistorical collection | ||
| 942 |
_2lcc _cBK _h434 _iAMA _kDT |
||